000 00566nam a22002057a 4500
003 OSt
005 20160628135831.0
008 160628b xxu||||| |||| 00| 0 eng d
020 _a0824703766
040 _cDNLM>
082 _aQV746D842j 2007.
100 _aEdited by Carstensen,T.Jens; Rhodes,C.T;
_99691
245 _aDrug Stability.
_bPrinciples and Practices.
250 _a3rd ed.
260 _aNew York.
_bInforma Healthcare.
_c2007.
300 _avii,773p;
_bill;
_c26cm.
504 _aincludes index.
650 _aPharmacology.
_9357
942 _2z
_cO_SHELF
999 _c4519
_d4519